The challenge of effective speaking / (Record no. 7193)

MARC details
000 -LEADER
fixed length control field 00639pam a2200169 a 4500
020 ## - INTERNATIONAL STANDARD BOOK NUMBER
ISBN 0534038859
050 00 - CALL NUMBER
Classification number PN4121
Item number .V4
100 1# - AUTHOR
Personal name Verderber, Rudolph F.(ed.)
245 14 - TITLE
Title The challenge of effective speaking /
Statement of responsibility, etc Rudolph F. Verderber.
250 ## - EDITION
Edition statement 6th ed.
260 ## - PUBLICATION INFORMATION
Place of publication Belmont, Calif. :
Name of publisher Wadsworth Pub. Co.,
Year of publication [1984], c1985.
300 ## - DESCRIPTION
Number of Pages xiii, 400 p. :
Other physical details ill. ;
Dimensions 22 cm.
500 ## - NOTES
General note Includes index.
505 ## - FORMATTED CONTENTS NOTE
Table of Content Part I. Orientation <br/>Part II. Fundamental Principles<br/>Part III. Informative Speaking <br/>Part IV. Persuasive Speaking <br/>Part V. adapting to other occasions and formats
650 #0 - SUBJECTS
Topical Term Public speaking.
942 ## - ADDED ENTRY ELEMENTS (KOHA)
Koha item type Books
Holdings
Withdrawn status Lost status Collection code Home library Current library Shelving location Date acquired Full call number Accession Number Koha item type
    Reference Methodist University Library Main Methodist University Library Main General Stacks 17/07/2000 PN4121 .V4 16844 Books
Copyright © 2026  MUG Library